|
|
|
|
| LEADER |
00000nam a2200000 a 4500 |
| 001 |
vtls001093038 |
| 003 |
SK-MaSNL |
| 005 |
20260301094535.0 |
| 008 |
250414s1983 xo 0 slo |
| 015 |
|
|
|a SNBA1983/12
|
| 020 |
|
|
|a q(brož.)
|
| 035 |
|
|
|a SNK000035880
|
| 040 |
|
|
|a SNK
|b slo
|c SNK
|e AACR2
|
| 041 |
0 |
|
|a slo
|
| 044 |
|
|
|a xo
|c SK
|
| 080 |
|
|
|a 669.16(075.8)
|2 1981
|
| 245 |
0 |
0 |
|a Teoretické základy výroby železa ; Ju. S. Jusfin, Je. F. Vegman, Štefan Majerčák, Anna Majerčáková
|
| 250 |
|
|
|a 1. vyd.
|
| 260 |
|
|
|a Košice
|b Vysoká škola technická
|a S.l.
|b ,t. [vyd.]
|c 1983
|e Košice
|f Edičné stredisko VŠT
|
| 300 |
|
|
|a 273 s.
|b Grafy.Tb.
|c 29 cm
|
| 366 |
|
|
|e 300 výtl.
|
| 490 |
1 |
|
|a Dočasné vysokoškolské učebnice
|
| 504 |
|
|
|a Obsahuje bibliografiu
|
| 655 |
|
7 |
|a učebnice vysokých škôl
|2 SNKPH
|9 70191
|
| 700 |
1 |
|
|a Jusfin, Ju. S.
|4 aut
|9 349276
|
| 700 |
1 |
|
|a Vegman, Je. F.
|4 aut
|9 428480
|
| 700 |
1 |
|
|a Majerčák, Štefan,
|d 1933-
|4 aut
|9 189656
|
| 700 |
1 |
|
|a Majerčáková, Anna,
|d 1942-1994
|4 aut
|9 48701
|
| 830 |
|
0 |
|a Dočasné vysokoškolské učebnice
|9 278602
|
| 852 |
|
|
|a Slovenská národná knižnica
|
| 954 |
|
|
|a odborná, vedecká literatúra pôvodná (slovenská)
|2 lita
|
| 958 |
|
|
|a OND
|
| 958 |
|
|
|a NB
|
| 958 |
|
|
|a RM
|
| 958 |
|
|
|a UV
|
| 999 |
|
|
|c 680583
|d 682513
|
| 952 |
|
|
|a SNK
|b SNK
|y PREZ
|7 0
|p 17A0776558
|o snkSB 36873
|0 0
|1 0
|4 0
|d 2012-04-02
|f 1
|l 0
|r 2025-04-15 00:00:00
|w 2026-02-23
|
| 952 |
|
|
|t P60, <04>, [BOOK], {604}
|a SNK
|b SNK
|y VYP
|7 0
|p 17A0209298
|o snkSB 36873 D1
|0 0
|1 0
|4 0
|d 1999-09-07
|l 0
|r 2004-12-31 00:00:00
|w 2026-02-23
|